"Camminiamo anche noi in novità di vita" (Record n. 98495)
[ formato base ]
| 000 -LEADER | |
|---|---|
| fixed length control field | 01029nam a22001817a 4500 |
| 003 - CONTROL NUMBER IDENTIFIER | |
| control field | IT-RoPau |
| 005 - DATE AND TIME OF LATEST TRANSACTION | |
| control field | 20220918181105.0 |
| 008 - FIXED-LENGTH DATA ELEMENTS--GENERAL INFORMATION | |
| fixed length control field | 130507b xxu||||| |||| 00| 0 eng d |
| 040 ## - CATALOGING SOURCE | |
| Transcribing agency | IT-RoPau |
| 100 ## - MAIN ENTRY--PERSONAL NAME | |
| Personal name | Centro di spiritualità paolina |
| 9 (RLIN) | 518 |
| 245 ## - TITLE STATEMENT | |
| Title | "Camminiamo anche noi in novità di vita" |
| Remainder of title | (Rom. VI,4). |
| 250 ## - EDITION STATEMENT | |
| Edition statement | 1° ed |
| 260 ## - PUBLICATION, DISTRIBUTION, ETC. (IMPRINT) | |
| Place of publication, distribution, etc. | Ariccia (Roma) |
| Name of publisher, distributor, etc. | Centro di spiritualità paolina - Casa Divino Maestro |
| Date of publication, distribution, etc. | 1978 |
| 300 ## - PHYSICAL DESCRIPTION | |
| Extent | 20 pp. |
| Dimensions | 22 cm |
| 490 ## - SERIES STATEMENT | |
| Series statement | "Camminiamo anche noi in novità di vita" |
| Volume/sequential designation | n° 30 - Settembre 1978 |
| 520 ## - SUMMARY, ETC. | |
| Summary, etc. | Sommario<br/><br/>Circa l'iniziativa spirituale della Casa Divino Maestro<br/>I. Corso di Natale: 16 - 25 dicembre 1978<br/>II. - III. - VIII. - Tre corsi sulla preghiera della vita<br/>IV. - Corso di Pasqua: 6 - 15 aprile 1979<br/>V. - Corso mariano : 1 - 10 maggio 1979<br/>VI. - Corso di Pentecoste: 25 maggio - 3 giugno 1979<br/>VII. - Corso su San Paolo: 21 - 30 giugno 1979<br/>IX. - Corso su Gesù Maestro: 23 novembre - 2 dicembre 1979<br/>X. - Corso di Natale: 16 - 25 dicembre 1979 |
| 942 ## - ADDED ENTRY ELEMENTS (KOHA) | |
| Source of classification or shelving scheme | Dewey Decimal Classification |
| Koha item type | RIVISTA |
| Withdrawn status | Lost status | Source of classification or shelving scheme | Damaged status | Not for loan | Home library | Current library | Date acquired | Total Checkouts | Full call number | Barcode | Date last seen | Price effective from | Koha item type |
|---|---|---|---|---|---|---|---|---|---|---|---|---|---|
| Dewey Decimal Classification | Buone Condizioni | Not For Loan | PAULUS-BIBLIOTECA | PAULUS-BIBLIOTECA | 07/05/2013 | P C6 | Sp FP 24 | 07/05/2013 | 07/05/2013 | RIVISTA |